Southville International School and Colleges
Your cart is empty.
  • Cart
  • Lists
    Public lists Eva Luna New books Lux_list list_1
    Your lists Log in to create your own lists
  • Log in to your account
  • Your cookies
  • Search history
Southville International School and Colleges
  • Advanced search
  • Recent comments
  • Most popular
  • Libraries

Log in to your account

Log in with GOOGLE


If you do not have an external account, but do have a local account, you can still log in:

  1. Home
  2. MARC view: The manager in the international economy /
Normal view MARC view ISBD view

The manager in the international economy / (Record no. 14598)

[ view plain ]
MARC details
000 -LEADER
fixed length control field 00782nam a2200229 a 4500
003 - CONTROL NUMBER IDENTIFIER
control field PILC
005 - DATE AND TIME OF LATEST TRANSACTION
control field 20150112093437.0
008 - FIXED-LENGTH DATA ELEMENTS--GENERAL INFORMATION
fixed length control field 100720s19uu xx 00 eng d
020 ## - INTERNATIONAL STANDARD BOOK NUMBER
International Standard Book Number 013232539X
050 ## - LIBRARY OF CONGRESS CALL NUMBER
Classification number HD 62.4
Item number .V48 1996
082 ## - DEWEY DECIMAL CLASSIFICATION NUMBER
Classification number MnSF 658.18
Item number V59 1996
100 ## - MAIN ENTRY--PERSONAL NAME
Personal name Vernon, Raymond
9 (RLIN) 16505
245 ## - TITLE STATEMENT
Title The manager in the international economy /
Statement of responsibility, etc Raymond Vernon and Louis T. Wells, Jr.
250 ## - EDITION STATEMENT
Edition statement 7th ed. ed.
260 ## - PUBLICATION, DISTRIBUTION, ETC. (IMPRINT)
Place of publication, distribution, etc New Jersey :
Name of publisher, distributor, etc Prentice-Hall, Inc,
Date of publication, distribution, etc 1996.
300 ## - PHYSICAL DESCRIPTION
Extent 498 pages :
Dimensions 26 cm.
650 ## - SUBJECT ADDED ENTRY--TOPICAL TERM
Topical term or geographic name as entry element International business enterprises - Management
9 (RLIN) 14386
650 ## - SUBJECT ADDED ENTRY--TOPICAL TERM
Topical term or geographic name as entry element International business enterprises - Case studies
9 (RLIN) 16506
650 ## - SUBJECT ADDED ENTRY--TOPICAL TERM
Topical term or geographic name as entry element International economic relation
9 (RLIN) 16507
700 ## - ADDED ENTRY--PERSONAL NAME
Personal name Wells, Jr. Louis T.
9 (RLIN) 16508
942 ## - ADDED ENTRY ELEMENTS (KOHA)
Source of classification or shelving scheme Library of Congress Classification
Koha item type Books
Holdings
Withdrawn status Lost status Source of classification or shelving scheme Damaged status Home library Current library Shelving location Date acquired Total Checkouts Full call number Barcode Date last seen Copy number Price effective from Koha item type Source of acquisition Public note
    Library of Congress Classification   Southville International School Affiliated with Foreign Universities Library Southville International School Affiliated with Foreign Universities Library Southville Foreign University Section 09/04/2013   HD 62.4 .V48 1996 SFU0741 05/15/2018 2 09/04/2013 Books    
Withdrawn   Library of Congress Classification   Southville International School Affiliated with Foreign Universities Library Southville International School Affiliated with Foreign Universities Library   09/04/2013   HD 62.4 .V48 1996 SFU0742 05/15/2018 3 09/04/2013 Books Donation Books donated
Withdrawn   Library of Congress Classification   Southville International School Affiliated with Foreign Universities Library Southville International School Affiliated with Foreign Universities Library   09/07/2013   HD 62.4 .V48 1996 SFU0740 05/15/2018 1 09/07/2013 Books Donation Books donated
    Library of Congress Classification   Southville International School Affiliated with Foreign Universities Library Southville International School Affiliated with Foreign Universities Library Southville Foreign University Section 09/09/2013   HD 62.4 .V48 1996 SFU0753 05/15/2018 4 09/09/2013 Books    

The manager in the international economy /

APA

Vernon R., Wells J. L. T., . (1996). The manager in the international economy. New Jersey: Prentice-Hall, Inc.

Chicago

Vernon Raymond, Wells Jr Louis T, . 1996. The manager in the international economy. New Jersey: Prentice-Hall, Inc.

Harvard

Vernon R., Wells J. L. T., . (1996). The manager in the international economy. New Jersey: Prentice-Hall, Inc.

MLA

Vernon Raymond, Wells Jr Louis T, . The manager in the international economy. New Jersey: Prentice-Hall, Inc. 1996.

  • Place hold
  • Print
  • Cite
  • Add to your cart (remove)
  • Save record
    BIBTEX Dublin Core MARCXML MARC (non-Unicode/MARC-8) MARC (Unicode/UTF-8) MARC (Unicode/UTF-8, Standard) MODS (XML) RIS
  • More searches
    Search for this title in:
    Other Libraries (WorldCat) Other Databases (Google Scholar) Online Stores (Bookfinder.com) Open Library (openlibrary.org)

Exporting to Dublin Core...

SOUTHVILLE LIBRARY

Southville International School and Colleges Library

1281 Tropical Ave. Cor. Luxembourg St., BF Homes International, Las Pinas City

Tel. No. 8256374 / 252358 Loc. 117/146

Powered by Koha